| 000 | 00292 a2200121 4500 | ||
|---|---|---|---|
| 999 |
_c321790 _d321790 |
||
| 001 | 86717 | ||
| 003 | NUST | ||
| 005 | 20180123111010.0 | ||
| 008 | 180123b xxu||||| |||| 00| 0 eng d | ||
| 082 | _a155.2 STE | ||
| 100 |
_aStephen R Kuway _99577 |
||
| 245 |
_aMisali Gharanay Ki Saat Aadaat _hUrdu |
||
| 260 |
_aLahore _bFiction House _c2011 |
||
| 300 | _a286p. | ||
| 942 |
_aCAE NUST _cBK _k155.2 STE _2ddc |
||